00457nam a2200181Ia 4500003000400000005001700004008004100021020001600062040000700078041000800085082001900093100002300112245006500135250000700200260004000207300001400247365001400261OSt20230413085301.0210423s2008 xx 000 0 und d a97882301647 cAL aeng a419223b CULJ aCULLER (Jonathan). aOn deconstruction: theory and criticism after structuralism. a25 aNew DelhibRegal Publicationsc2008 av,317bPB b1435cINR